[Event "better than studying"]
[Site "SchemingMind.com"]
[Date "2008.10.04"]
[Round "-"]
[White "aadaam"]
[Black "Jochen"]
[Result "1-0"]
[WhiteCountry "INT"]
[BlackCountry "GBR"]
[WhiteElo "1761"]
[WhiteRD "48"]
[BlackElo "1122"]
[BlackRD "73"]
[GameID "173684"]

1. e4 e6 2. d4 Nf6 3. Bg5 h6 4. Bxf6 gxf6 5. Nf3 Bb4+ 6. c3 Ba5 7. Nbd2 b6 8. b4 Bxb4 9. cxb4 O-O 10. Nh4 Kh7
11. Bd3 Qe7 12. Qb3 Nc6 13. Rc1 Nxb4 14. Rxc7 Qd6 15. e5+ f5 16. exd6 Nd5 17. g4 Nf4 18. gxf5 Kg7 19. Rg1+ Kh8 20. Ne4 Nh3
21. Rg3 Nf4 22. Nf6 Nd5 23. Nxd5 exd5 24. Qxd5 Re8+ 25. Kd2 Rb8 26. Qxf7 Rd8 27. Ng6#
1-0